000 00645nam a2200205 a 4500
003 BD-DhJNU
005 20250323074530.0
008 870323s1987 nyuac b 001 0 eng
020 _a0670814423
040 _aBD-DhJNU
_bENG
_cBD-DhJNU
_dBD-DhJNU
082 0 0 _a302.23 BRM
_223
100 1 _aBrand, Stewart
245 1 4 _aThe Media Lab :
_binventing the future at MIT /
_cStewart Brand
260 _aNew York, N.Y. :
_bViking,
_c1987.
300 _axvi, 285 p. :
_bill., ports. ;
_c24 cm.
504 _aBibliography: p. [265]-267.
500 _aIncludes index.
610 2 0 _aMassachusetts Institute of Technology.
_bMedia Laboratory.
942 _cBK
999 _c1529
_d1529